| 000 | 00611nam a22001337a 4500 | ||
|---|---|---|---|
| 040 | _cRUA | ||
| 082 | _aAED HOK 2018 B649 Or.1 | ||
| 100 | _aHOK LYHONG ហុក លីហុង | ||
| 245 | _athe study on the maintenance of trail in peamumtea commune, kampong trabek distric, pry veng province សិក្សារអំពីការថែទាំផ្លូវលំ នៅឃុំពាមមន្ទារ ស្រុកកំពងត្របែក ខេត្តព្រៃវែង | ||
| 260 |
_aRUA _bPhnom penh _c2018 |
||
| 300 |
_axi;45p _bill; _c29cm |
||
| 856 | _u HOK LYHONG | ||
| 942 | _cAED | ||
| 999 |
_c18351 _d18351 |
||